Celebrity Baby Names: Real or Fake? Quiz Stats

 Plays Quiz not verified by Sporcle

Score 0/25 Timer 05:00
3 Plays Today
Question Answer Wrong Answers
North West Real
88.5%
Fake
6.2%
Video Geography Fake
77.5%
Real
16.7%
Alabama Gypsy Rose Real
76.6%
Fake
17.3%
Sparrow James Midnight Real
74.5%
Fake
19.7%
Bronx Mowgli Real
71.5%
Fake
22.9%
Bluebell Madonna Real
67.4%
Fake
27.1%
Fifi Trixibelle Real
66.7%
Fake
27.8%
Petal Blossom Rainbow Real
65%
Fake
29.5%
Zuma Nesta Rock Real
64.4%
Fake
30.4%
Princess Consuela Banana Hammock Fake
63.4%
Real
31.2%
Valentine Love Cupid Fake
59.8%
Real
35.1%
Pilot Inspektor Real
56%
Fake
38.7%
Elijah Bob Patricius Guggi Q Real
54.4%
Fake
40.3%
Sun Unit Fake
52.3%
Real
42.4%
Moxie CrimeFighter Real
50.6%
Fake
44.1%
Emerald Fire Fox Fake
44.7%
Real
49.8%
Speck Wildhorse Real
43.5%
Fake
50.7%
Jaguar Nicholas Cowboy Fake
43.2%
Real
51.2%
Reignbeaux Freedom Fake
43%
Real
51.6%
Chyld Fake
42.9%
Real
51.7%
Phoenix Stone Colt Fake
31.2%
Real
63.1%
Sage Wolfblood Fake
27.7%
Real
66.7%
Diva Thin Muffin Real
27.2%
Fake
67.4%
Daisy Honey Rose Fake
20%
Real
74.2%
Siri Cruise Fake
16.9%
Real
77.4%

You're not logged in!

Compare scores with friends on all Sporcle quizzes.
OR
Log In

Show Comments

Extras

Top Quizzes Today


Score Distribution

Your Account Isn't Verified!

In order to create a playlist on Sporcle, you need to verify the email address you used during registration. Go to your Sporcle Settings to finish the process.

Report this User

Report this user for behavior that violates our Community Guidelines.

Details: